000 00359nam a22001571a 4500
020 _a9788181660275
082 _aH3
_bVEE/S
100 _aVeena Sinha
245 _aSapnom se bahar/
_cby Veena Sinha
260 _aNew Delhi:
_bMedia,
_c2003.
300 _a236p.
650 _aNovel Hindi
650 _aLiterature Hindi
650 _aLiterature
942 _cBK
999 _c40588
_d40588